00955nam a2200229 a 450000100100000000500170001000800410002704000260006808200170009410000330011124000630014424500910020726000370029830000210033550000740035653400840043065000360051470000280055004900090057895201210058799900170070800002347220250513114214.0101209s1974 ag r 000 0 spa d aDO-SdBNPbspacBNPHU8 a371.3bV945i1 aVon Haden, Herbert I.94836510aInnovations in education: Their pros and cons.lEspañol.10aInnovaciones en educación :bpros y contras /cHerbert I Von Haden, Jean Marie King. aBuenos Aires :bPaidós,c1974. a222 P. ;c20 cm. aIncluye referencias bibliográficas y notas al pie de las páginas. aTítulo original del inglés:tInnovations in education: Their pros and cons. 0aInnovaciones educativas 9171151 aKing, Jean Marie948366 aBNGR 001054708MOaGRbGRcCTd2010-12-09iLF1l0o371.3 V945ip23472-10r2020-06-25w2020-06-25y4ZPréstamo en sala c22968d22968